Central Library OPAC University of Rajshahi

Atomic and nuclear physics : (Record no. 68723)

MARC details
000 -LEADER
fixed length control field 00829nam a2200253 a 4500
001 - CONTROL NUMBER
control field 68723
003 - CONTROL NUMBER IDENTIFIER
rucl marc code BD-RjUL
005 - DATE AND TIME OF LATEST TRANSACTION
control field 20211209081813.0
008 - FIXED-LENGTH DATA ELEMENTS--GENERAL INFORMATION
fixed length control field 170405r19661963enka 001 0 eng
035 ## - SYSTEM CONTROL NUMBER
System control number (BD-RjUL)68933
040 ## - CATALOGING SOURCE
Original cataloging agency DLC
Transcribing agency DLC
Modifying agency BD-RjUL
Language of cataloging eng
041 ## - LANGUAGE CODE
Language code of text/sound track or separate title eng
082 00 - DEWEY DECIMAL CLASSIFICATION NUMBER
Classification number 539.7
Edition number 23
Author mark and year LIA 1966
100 1# - MAIN ENTRY--PERSONAL NAME
Personal name Littlefield, T. A.
Fuller form of name (Thomas Albert),
Dates associated with a name 1912-
9 (RLIN) 202401
245 10 - TITLE STATEMENT
Title Atomic and nuclear physics :
Remainder of title an introduction /
Statement of responsibility, etc. T. A. Littlefield and N. Thorley.
260 ## - PUBLICATION, DISTRIBUTION, ETC. (IMPRINT)
Place of publication, distribution, etc. New York :
Name of publisher, distributor, etc. Van Nostrand company ltd.,
Date of publication, distribution, etc. 1963, [reprinted 1966]
300 ## - PHYSICAL DESCRIPTION
Pagination xv, 436 p. :
Illustrations ill. ;
Size 25 cm.
500 ## - GENERAL NOTE
General note Includes index.
650 #0 - SUBJECT ADDED ENTRY--TOPICAL TERM
Topical term or geographic name as entry element Atoms.
9 (RLIN) 200534
Topical term or geographic name as entry element Nuclear physics.
9 (RLIN) 202402
Topical term or geographic name as entry element Quantum theory.
9 (RLIN) 202403
700 1# - ADDED ENTRY--PERSONAL NAME
Personal name Thorley, N.
Fuller form of name (Norman),
Dates associated with a name 1913-
Relator term joint author.
942 ## - ADDED ENTRY ELEMENTS (KOHA)
Source of classification or shelving scheme Dewey Decimal Classification
Koha item type Books
Holdings
Lost status Source of classification or shelving scheme Damaged status Not for loan Collection code Permanent Location Current Location Shelving location Date acquired Source of acquisition Cost, normal purchase price Total Checkouts Full call number Date last seen Copy number Koha item type
  Dewey Decimal Classification   Not For Loan Non-fiction Central Library, University of Rajshahi Central Library, University of Rajshahi Reading Room 12/11/1968 Zeitlinger 25.00   539.7 LIA 1966 05/04/2017 C-1 Books
  Dewey Decimal Classification     Non-fiction Central Library, University of Rajshahi Central Library, University of Rajshahi   12/11/1968 Zeitlinger 25.00   539.7 LIA 1966 06/04/2017 C-2 Books
  Dewey Decimal Classification     Non-fiction Central Library, University of Rajshahi Central Library, University of Rajshahi   12/11/1968 Zeitlinger 25.00   539.7 LIA 1966 24/05/2017 C-3 Books
  Dewey Decimal Classification     Non-fiction Central Library, University of Rajshahi Central Library, University of Rajshahi   05/12/1973 U.S.A., Asia Foundation     539.7 LIA 1963 25/05/2017 C-4 Books
  Dewey Decimal Classification     Non-fiction Central Library, University of Rajshahi Central Library, University of Rajshahi   12/11/1968 Zeitlinger 25.00   539.7 LIA 1966 25/05/2017 C-5 Books
  Dewey Decimal Classification     Non-fiction Central Library, University of Rajshahi Central Library, University of Rajshahi General Stacks 24/07/1973 Osmani & Co. 68.40   539.7 LIA 1966 19/10/2022 C-6 Books